000 00934cam a2200265 4500
008 020111n2001 000 0 eng u
020 _a0860178854
035 _a(Sirsi) u116247
041 _a658.562
100 _aDent, R.
245 _aPerformance measurement of design activities : a summary report and key perfomance indicators
260 _aLondon
_bCIRIA
_c2001
300 _a25p.
_bill.
_c30cm.
350 _a195
490 _aProject Report
_v85
520 _aReport describing research by CIRIA investigating the performance measurement of design activities carried out by UK construction organisations. Includes the CIRIA design KPI project assessment tool.
650 _aBENCHMARKING
650 _aCONSTRUCTION PROJECTS
650 _aDESIGN
650 _aKEY PERFORMANCE INDICATORS
650 _aPERFORMANCE MEASUREMENT
690 _aProject management
_96261
700 _aAlwani-Starr, G.
942 _n0
999 _c101832
_d101832